000 00949nam a2200265Ia 4500
003 OSt
005 20220923211025.0
006 a|||||r|||| 00| 0
007 ta
008 220922b |||||||| |||| 00| 0 hin d
020 _a8170557615 (hbk)
_c195
024 _a240,902
037 _b479, 26/02/2010, Vani Prakashan
_cTextual
040 _aARTS
_cARTS
_bhin
041 _2hin
_ahin
082 _aO152,3N11:g, N2;P6
100 _aराजेन्द्र प्रसाद
_9157264
245 0 _aअज्ञेय
_b कवि और काव्य
246 _aAjnyeya: kavi aur kāvya
250 _aद्वितीय संस्करण
260 _aनई दिल्ली
_b वाणी प्रकाशन
_c2006
300 _a231पृ.
_ccm.
942 _hO152,3N11:g, N2;P6
_cTEXL
_2CC
999 _c294081
_d294081